Palabras técnicas: (Registro nro. 32596)
[ vista simple ]
| 000 -CABECERA | |
|---|---|
| campo fijo de control de longitud | 01348nab a2200277 4500 |
| 003 - IDENTIFICADOR DEL NÚMERO DE CONTROL | |
| campo de control | AR-RoBPED |
| 005 - FECHA Y HORADE LA ULTIMA TRANSACCION | |
| campo de control | 20260422103914.0 |
| 008 - ELEMENTOS DE LONGITUD FIJA--INFORMACION GENERAL | |
| campo fijo de control de longitud | 260422b |||||||| |||| 00| 0 spa d |
| 040 ## - FUENTE CATALOGADORA | |
| Centro catalogador/agencia de origen | AR-RoBPED |
| 041 ## - IDIOMA | |
| Código de idioma para texto/pista de sonido o título independiente | spa |
| 100 1# - ENCABEZAMIENTO PRINCIPAL--AUTOR PERSONAL | |
| Nombre de persona | Banchero, María Isabel |
| 9 (RLIN) | 27464 |
| Función | Licenciada en Enseñanza de la Lengua y la Comunicación |
| 245 1# - TITULO | |
| Título | Palabras técnicas: |
| Subtítulo | la lengua como contenido transversal / |
| 260 ## - PUBLICACION | |
| Lugar | Buenos Aires : |
| Editor | Noveduc, |
| Fecha | 2024 |
| 300 ## - DESCRIPCION FISICA | |
| Extensión | 56-57 p. |
| 500 ## - NOTA GENERAL | |
| Nota general | Se presenta una propuesta para abordar contenidos del diseño curricular correspondiente al Nivel Secundario de la Educación Técnica (Resolución 2757/11), teniendo en cuenta los saberes previos de los estudiantes con los que se ejecutará lo proyectado. Se trata de una serie de trayectos/clases que hacen foco en el trabajo con el léxico, con la composición y la etimología de las palabras. |
| 650 #7 - TERMINO DE MATERIA--CONTROLADO | |
| Término controlado | NIVEL MEDIO |
| 9 (RLIN) | 3552 |
| Término controlado | HISTORIA |
| 9 (RLIN) | 125 |
| Término controlado | LENGUA ESPAÑOLA |
| 9 (RLIN) | 575 |
| Término controlado | ACTIVIDADES DE APRENDIZAJE |
| 9 (RLIN) | 783 |
| Término controlado | ETIMOLOGIA |
| 9 (RLIN) | 835 |
| Término controlado | PROPUESTA DIDÁCTICA |
| 9 (RLIN) | 22005 |
| Término controlado | APRENDIZAJE |
| 9 (RLIN) | 560 |
| 773 0# - DOCUMENTO FUENTE | |
| Host Biblionumber | 20414 |
| Host Itemnumber | 41862 |
| Place, publisher, and date of publication | Buenos Aires : Noveduc, 1993- |
| Título | Novedades Educativas |
| Record control number | (AR-RoBPED)20414 |
| International Standard Serial Number | 03283534 |
| 942 ## - ELEMENTOS KOHA | |
| Fuente de clasificación | Universal Decimal Classification |
| Koha tipo de ítem | Revistas |
| Clasificación | 37(05) |
| Signatura librística | Nov 86 N° 399 (Nov.2024) |
| Número Koha | k.32596 |
| 945 ## - PROCESAMIENTO DE LA INFORMACIÓN LOCAL | |
| Catalogador y fecha | mar 04/2026 |
No hay ítems disponibles.